|
|
|
|
| LEADER |
00992nam a22003015a 4500 |
| 001 |
4554 |
| 003 |
BD-DhAAL |
| 005 |
20151007111235.0 |
| 008 |
151007s1996 enk 000 0 eng d |
| 010 |
|
|
|a gb 96045806
|
| 015 |
|
|
|a GB96-45806
|
| 020 |
|
|
|a 8173713502
|
| 020 |
|
|
|a 1854331981 (pbk)
|
| 040 |
|
|
|a UKM
|c UKM
|d EQF
|d BD-DhAAL
|
| 049 |
|
|
|a EQFA
|
| 082 |
|
|
|a 650.1
|
| 100 |
1 |
|
|a Ball, Ben.
|9 15191
|
| 245 |
1 |
0 |
|a Assessing your career :
|b time for change? /
|c Ben Ball.
|
| 260 |
|
|
|a Leiceste :
|b British Psychological Society,
|c 2000.
|
| 300 |
|
|
|a 147 p. ;
|c 22 cm.
|
| 490 |
0 |
|
|a Personal and professional development.
|
| 541 |
|
|
|e 4554
|
| 650 |
|
0 |
|a Career development.
|9 10376
|
| 650 |
|
0 |
|a Self-actualization (Psychology)
|9 15192
|
| 710 |
2 |
|
|a British Psychological Society.
|9 15193
|
| 942 |
|
|
|2 ddc
|c BK
|
| 999 |
|
|
|c 35704
|d 35704
|
| 952 |
|
|
|0 0
|1 0
|2 ddc
|4 0
|6 650_100000000000000_BAL
|7 0
|9 56156
|a SCL
|b SCL
|c GEN
|d 2015-10-07
|l 2
|m 8
|o 650.1 BAL
|p 3020004554
|r 2019-08-03
|s 2019-05-21
|t 1
|w 2015-10-07
|y BK
|